Atlas to canine and feline dermatoses

Đã lưu trong:
Sonraí Bibleagrafaíochta
Príomhúdar: Robert M Schwartzman
Formáid: Leabhar
Teanga:Undetermined
Foilsithe: Philadelphia Lea and Febiger 1967
Ábhair:
Clibeanna: Cuir Clib Leis
Gan Chlibeanna, Bí ar an gcéad duine leis an taifead seo a chlibeáil!
Thư viện lưu trữ: Trung tâm Học liệu Trường Đại học Cần Thơ
LEADER 00501nam a2200181Ia 4500
001 CTU_14285
008 210402s9999 xx 000 0 und d
082 |a 636.7086 
082 |b S411 
100 |a Robert M Schwartzman 
245 0 |a Atlas to canine and feline dermatoses 
245 0 |c Robert M Schwartzman 
260 |a Philadelphia 
260 |b Lea and Febiger 
260 |c 1967 
650 |a dogs - diseases 
904 |i Minh, 961231 
980 |a Trung tâm Học liệu Trường Đại học Cần Thơ